000 00301nam a2200121Ia 4500
008 190216s9999||||xx |||||||||||||| ||und||
100 _aJohn A Pearce Ii & Richard B Robinson
245 0 _aStrategic Management
260 _bMcgraw -hill
_c1996
300 _a988p
650 _aCommerce
942 _cBK
999 _c5631
_d5631